[Event "Klatovy op-A"]
[Site "Klatovy"]
[Date "2013.07.04"]
[Round "6"]
[White "Eretova, Jana"]
[Black "Muehlbauer, Hans Rainer"]
[Result "1-0"]
[WhiteElo "2101"]
[BlackElo "1922"]
[PlyCount "117"]
[EventDate "2013.06.29"]
[EventType "swiss"]
[EventRounds "9"]
[EventCountry "CZE"]
[SourceTitle "EXT 2014"]
[Source "ChessBase"]
[SourceDate "2013.11.20"]
[SourceVersion "1"]
[SourceVersionDate "2013.11.20"]
[SourceQuality "1"]

1. Nf3 d5 2. g3 Nf6 3. Bg2 e6 4. 0-0 Be7 5. d3 c5 6. Nbd2 0-0 7. Re1 Nc6 8. e4 Qc7 9. h4 dxe4 10. dxe4 e5 11. c3 h6 12. Nc4 Be6 13. Nfd2 Rad8 14. Ne3 Rfe8 15. Qf3 Rd7 16. Nf5 Qd8 17. Nf1 Bf8 18. Nh2 Kh8 19. g4 Nh7 20. Qh3 a6 21. Nf3 Rd1 22. Be3 Rd3 23. Bf1 Rd7 24. Qg2 Bxf5 25. exf5 e4 26. Nh2 Qxh4 27. Bf4 Qd8 28. Rxe4 Rxe4 29. Qxe4 Nf6 30. Qf3 Nh7 31. Re1 Bd6 32. Bxd6 Rxd6 33. Qe3 Nf6 34. Qxc5 Rd2 35. Bxa6 Nxg4 36. Nxg4 Qg5 37. Be2 Rxe2 38. Rxe2 Qxg4+ 39. Kf1 Qf3 40. Ke1 Qf4 41. Re3 Kh7 42. b4 f6 43. Qd5 Ne5 44. Qe4 Qg5 45. Rg3 Qc1+ 46. Ke2 Qb2+ 47. Kf1 Qc1+ 48. Kg2 Qd2 49. Qxb7 Nd7 50. Qe4 Ne5 51. b5 Qxa2 52. b6 Nf7 53. b7 Qb2 54. Qb4 Qe2 55. b8Q Ng5 56. Rxg5 hxg5 57. Qh2+ Kg8 58. Qbb8+ Kf7 59. Qhc7+ 1-0

[Event "Klatovy op-A"]
[Site "Klatovy"]
[Date "2013.07.02"]
[Round "4"]
[White "Eretova, Jana"]
[Black "Janska, Jitka"]
[Result "1-0"]
[WhiteElo "2101"]
[BlackElo "1889"]
[PlyCount "57"]
[EventDate "2013.06.29"]
[EventType "swiss"]
[EventRounds "9"]
[EventCountry "CZE"]
[SourceTitle "EXT 2014"]
[Source "ChessBase"]
[SourceDate "2013.11.20"]
[SourceVersion "1"]
[SourceVersionDate "2013.11.20"]
[SourceQuality "1"]

1. Nf3 d5 2. g3 Nf6 3. Bg2 e6 4. 0-0 c5 5. d3 Nc6 6. Nbd2 Be7 7. Re1 Qc7 8. e4 b6 9. b3 Bb7 10. Bb2 dxe4 11. dxe4 Rd8 12. e5 Nd7 13. Qe2 0-0 14. h4 Nb4 15. Ne4 c4 16. Nfg5 h6 17. Nh3 Ba6 18. Qh5 Nd5 19. Bc1 Qxe5 20. Bg5 Bxg5 21. hxg5 Qf5 22. Qh4 Qh7 23. Rad1 Nb8 24. Nf4 hxg5 25. Qxh7+ Kxh7 26. Nxg5+ Kg8 27. Nfxe6 fxe6 28. Nxe6 Bb7 29. Nxf8 1-0

[Event "Klatovy op-A"]
[Site "Klatovy"]
[Date "2013.07.01"]
[Round "3"]
[White "Novak, Jaromir"]
[Black "Eretova, Jana"]
[Result "1/2-1/2"]
[WhiteElo "1900"]
[BlackElo "2101"]
[PlyCount "108"]
[EventDate "2013.06.29"]
[EventType "swiss"]
[EventRounds "9"]
[EventCountry "CZE"]
[SourceTitle "EXT 2014"]
[Source "ChessBase"]
[SourceDate "2013.11.20"]
[SourceVersion "1"]
[SourceVersionDate "2013.11.20"]
[SourceQuality "1"]

1. e4 d6 2. d4 g6 3. c4 Bg7 4. Be3 c6 5. Qd2 e5 6. dxe5 dxe5 7. Qxd8+ Kxd8 8. Nc3 b6 9. a4 Kc7 10. Nge2 Nd7 11. Nc1 f5 12. f3 Ngf6 13. Be2 Nf8 14. Nd3 N6d7 15. c5 Ne6 16. cxb6+ axb6 17. 0-0 Nd4 18. Kf2 Ba6 19. Nb4 Bxe2 20. Nxe2 Nc5 21. Nc3 f4 22. Bxd4 exd4 23. Ne2 Be5 24. Nc1 Nxa4 25. Ncd3 Bd6 26. Ra2 Bxb4 27. Nxb4 Nc5 28. Rfa1 Rxa2 29. Rxa2 Kb7 30. h4 Rd8 31. Ke2 d3+ 32. Kd2 Rd4 33. Ra7+ Kc8 34. Nxc6 Nb3+ 35. Kc3 d2 36. Nxd4 d1Q 37. Nxb3 h5 38. Rg7 Qe1+ 39. Nd2 Qc1+ 40. Kd3 Qxb2 41. Rxg6 Qa3+ 42. Kc2 Qc5+ 43. Kd3 Qe3+ 44. Kc2 Qf2 45. Kc3 Qxh4 46. Nc4 Qe1+ 47. Kd4 Qa1+ 48. Kd5 b5 49. Nd6+ Kd7 50. Nxb5 Qa2+ 51. Kc5 Qc2+ 52. Kb4 Ke7 53. Nd6 Kd7 54. Nf5 Qf2 1/2-1/2